| 000 | 00399nam a2200145Ia 4500 | ||
|---|---|---|---|
| 008 | 231129s2001||||xx |||||||||||||| ||spa|| | ||
| 020 | _a958-30-0805-2 | ||
| 040 | _bspa | ||
| 082 | _aA860.4 E77e | ||
| 100 | _aEspina Luisa Fernanda | ||
| 245 | 0 | _aEstudio literario de rayuela ; Julio Cortazar | |
| 260 | _c2001 | ||
| 264 | _aPanamericana | ||
| 942 |
_2ddc _cBKS |
||
| 999 |
_c13644 _d13644 |
||